It looks like you're offline.
Open Library logo
additional options menu

MARC record from Internet Archive

LEADER: 01535cam a2200445 a 4500
001 ocm10802380
003 OCoLC
005 20191109071902.4
008 830615s1984 nyu b 000 0 eng
010 $a 83061996
040 $aDLC$beng$cDLC$dBTCTA$dBAKER$dYDXCP$dBDX$dOCLCO$dOCLCF$dOCLCQ$dNYHOF
019 $a1006049437$a1124174657
020 $a0809125889$q(pbk.)
020 $a9780809125883$q(pbk.)
029 1 $aAU@$b000003283268
029 1 $aNZ1$b4651240
029 1 $aAU@$b000061941075
035 $a(OCoLC)10802380$z(OCoLC)1006049437$z(OCoLC)1124174657
050 00 $aBV4390$b.C422 1984
082 00 $a261.8/35732$219
049 $aMAIN
245 00 $aCelibate loving :$bencounter in three dimensions /$cedited by Mary Anne Huddleston.
260 $aNew York :$bPaulist Press,$c©1984.
300 $aviii, 232 pages ;$c21 cm
336 $atext$btxt$2rdacontent
337 $aunmediated$bn$2rdamedia
338 $avolume$bnc$2rdacarrier
504 $aIncludes bibliographical references (pages 229-232).
590 $bInternet Archive - 2
590 $bInternet Archive 2
650 0 $aCelibacy.
650 7 $aCelibacy.$2fast$0(OCoLC)fst00850151
650 4 $aCelibacy.$0(local)18051
700 1 $aHuddleston, Mary Anne.
938 $aBaker & Taylor$bBKTY$c9.95$d7.46$i0809125889$n0000841137$sactive
938 $aBrodart$bBROD$n34817980$c$9.95
938 $aBaker and Taylor$bBTCP$n83061996 //r90$c$8.95
938 $aYBP Library Services$bYANK$n696080
994 $a92$bERR
976 $a31927000177953